000 00607cam a22002053a 4500
001 43920
003 PGUSA
005 20140828084012.0
008 131009s2013||||xxu|||||s|||||000 | eng d
040 _aPGUSA
_beng
042 _adc
100 1 _aFranze, Paul C.
245 1 0 _aHöherzüchtung des Menschen auf biologischer Grundlage. :
_bVortrag
_h[electronic resource] /
_cPaul C. Franze
260 _bProject Gutenberg,
_c2013
506 _aPublic domain in the USA.
516 _aElectronic text
830 0 _aProject Gutenberg
_v43920
856 4 0 _uhttp://www.gutenberg.org/ebooks/43920
942 _cEB
999 _c273171
_d273171